[Event "Coliseo Menor op"]
[Site "Coliseo Menor"]
[Date "2011.12.05"]
[Round "3"]
[White "Vargas, Jorge Luis"]
[Black "Saenz, Carlos"]
[Result "0-1"]
[WhiteElo "1560"]
[BlackElo "2008"]
[PlyCount "115"]
[EventDate "2011.11.29"]
[EventType "swiss"]
[EventRounds "7"]
[EventCountry "COL"]
[SourceTitle "CBM 145 Extra"]
[Source "ChessBase"]
[SourceDate "2012.01.03"]
[SourceVersion "1"]
[SourceVersionDate "2012.01.03"]
[SourceQuality "1"]

1. c4 c6 2. d3 d5 3. cxd5 cxd5 4. Nd2 e5 5. e3 Bb4 6. a3 Qa5 7. Ngf3 Nc6 8. Be2 Bc5 9. 0-0 Qc7 10. b4 Bd6 11. e4 Nge7 12. Bb2 0-0 13. Rc1 Qb6 14. Nb3 Rd8 15. Qc2 Bg4 16. Ng5 Bxe2 17. Qxe2 h6 18. Nf3 a5 19. exd5 Nxd5 20. Qe4 Nf4 21. Nc5 axb4 22. Nxb7 Qxb7 23. Qxc6 Qxc6 24. Rxc6 Nxd3 25. Ba1 Rxa3 26. g3 b3 27. Rc3 Bb4 28. Rc4 Rda8 29. Bxe5 Nxe5 30. Nxe5 Bc3 31. Rxc3 b2 32. Nd3 Rxc3 33. Nxb2 Ra2 34. Nd1 Rc1 35. Ne3 Raa1 36. Rxc1 Rxc1+ 37. Kg2 g5 38. Ng4 Kg7 39. h3 f5 40. Ne3 Kf6 41. Nd5+ Ke6 42. Ne3 Ke5 43. Nf1 h5 44. Ne3 Rc3 45. Nf1 Kd4 46. Nh2 g4 47. hxg4 fxg4 48. Nf1 Ra3 49. Nh2 Kd3 50. Kf1 Ra1+ 51. Kg2 Ra2 52. Kf1 Re2 53. Kg2 Re1 54. Nf1 Re7 55. Nh2 Rf7 56. f3 Ke2 57. fxg4 Rf2+ 58. Kh3 0-1

[Event "Coliseo Menor op"]
[Site "Coliseo Menor"]
[Date "2011.11.29"]
[Round "1"]
[White "Hoyos, Camilo"]
[Black "Saenz, Carlos"]
[Result "1-0"]
[WhiteElo "1804"]
[BlackElo "2008"]
[PlyCount "77"]
[EventDate "2011.11.29"]
[EventType "swiss"]
[EventRounds "7"]
[EventCountry "COL"]
[SourceTitle "CBM 145 Extra"]
[Source "ChessBase"]
[SourceDate "2012.01.03"]
[SourceVersion "1"]
[SourceVersionDate "2012.01.03"]
[SourceQuality "1"]

1. e4 c5 2. Nf3 e6 3. Nc3 a6 4. a4 Nc6 5. Bc4 Qc7 6. 0-0 Nf6 7. d4 cxd4 8. Nxd4 Nxd4 9. Qxd4 Bc5 10. Qd3 0-0 11. h3 b6 12. Bg5 Qe5 13. Bxf6 Qxf6 14. Kh1 Rd8 15. f4 Bb7 16. e5 Qh6 17. Rab1 Rac8 18. Kh2 a5 19. Ba6 Bxa6 20. Qxa6 Be3 21. g3 Qg6 22. Qd3 d5 23. f5 exf5 24. Nxd5 Qe6 25. c4 f4 26. gxf4 Bc5 27. Rf3 Qc6 28. Rg3 Kh8 29. Qf5 Qd7 30. Qg5 Rg8 31. Rg2 h6 32. Qh5 Qe6 33. Rd1 Bf8 34. Rdg1 Bc5 35. Re1 Bb4 36. f5 Qe8 37. Re4 Kh7 38. Rxg7+ Rxg7 39. Nf6+ 1-0